| 000 | 00438nam a22001337a 4500 | ||
|---|---|---|---|
| 020 | _a0-02-921680-X | ||
| 082 | _a658.514 MON'M | ||
| 100 |
_aMONGER, ROD E, A MANAGEMENT FRAMEWORK FOR GETTING RESULTS _980227 |
||
| 245 | _aMASTERING TECHNOLOGY | ||
| 260 |
_aLONDON _bCOLLINS MACMILLAN _c1988 |
||
| 300 | _a310P | ||
| 650 |
_aINFORMATION TECHNOLOGY MANAGEMENT TECHNOLOGY MANAGEMENT TECHNOLOGICAL INNOVATION MANAGEMENT _980228 |
||
| 942 | _cBK | ||
| 999 |
_c585182 _d585182 |
||